| 000 | 01245nam a2200193Ia 4500 | ||
|---|---|---|---|
| 999 |
_c10747 _d10747 |
||
| 008 | 200103s 1998 ||||xx |||||||||||||| ||und|| | ||
| 020 | _a9788121902687 | ||
| 082 |
_a621.56 _bKHU |
||
| 100 | _aKhurmi, R.S. | ||
| 245 | 2 | _aA textbook of refrigeration and air conditioning (S.I. units) | |
| 260 |
_bEurasia Publishing House (P) Ltd. _c1998 _aNew Delhi |
||
| 300 | _avii, 677 p.: ill. | ||
| 504 | _aTable of Contents * Introduction * Air Refrigeration Cycles * Air Refrigeration Systems * Simple Vapour Compression Systems * Compound Vapour Compression Systems * Multi-evaporator and Compressor Systems * Vapour Absorption Refrigeration Systems * Refrigerants * Refrigerant Compressors * Condensers * Evaporators * Expansion Devices * Food Preservation * Low Temperature Refrigeration (Cryogenics) * Steam-Jet Refrigeration system * Psychrometry * Comfort Conditions * Air Conditioning Systems * Cooling Load Estimation * Ducts * Fans Refrigeration Tables and Charts Index | ||
| 650 | _aRefrigeration and refrigerating machinery | ||
| 650 | _aAir conditioning | ||
| 650 | _aRefrigeration and refrigerating machinery - Study and teaching | ||
| 700 |
_aGupta, J.K. _eCo-author |
||
| 942 | _cBK | ||